Tears on my pillow : (Record no. 34365)

MARC details
000 -LEADER
fixed length control field 00691nam a22002297a 4500
008 - FIXED-LENGTH DATA ELEMENTS--GENERAL INFORMATION
fixed length control field 260409b |||||||| |||| 00| 0 eng d
017 ## - LEGAL DEPOSIT NUMBER
Legal deposit number LD.8240
018 ## - LEGAL DEPOSIT YEAR
LDD Year 2025
020 ## - INTERNATIONAL STANDARD BOOK NUMBER
ISBN 9789786924847
040 ## - CATALOGING SOURCE
Original cataloging agency NLN
Language of cataloging English
Description conventions AACR2
100 ## - MAIN ENTRY--AUTHOR
Author AMEH, Omanibe B.
Relator term aut
245 ## - TITLE STATEMENT
Title Tears on my pillow :
Remainder of title Surviving shame, finding strength vol. 2 /
Statement of responsibility, etc Omanibe B. A. Ameh
260 ## - PUBLICATION, DISTRIBUTION, ETC. (IMPRINT)
Place of publication [S.l.] :
Name of publisher Oma Life Rescue Foundation,
Date of publication 2025
300 ## - COLLATION
Pagination ix, 176p. ;
Other physical details 22cm
563 ## - BINDING INFORMATION
Binding note (hbk.)
650 ## - TRACINGS
Main Subject Ameh, Omanibe B. A., 1985-
650 ## - TRACINGS
Main Subject Clergy
Subdivision (1st) Nigeria
Subdivision (2nd) Biography
942 ## - ADDED ENTRY ELEMENTS (KOHA)
Item type Books
Suppress in OPAC No
050 ## - LIBRARY OF CONGRESS CALL NUMBER
Classification number DT515.83.A498
Item number A3
082 ## - DEWEY DECIMAL CLASSIFICATION NUMBER
Classification number 922.9669
Holdings
Source of classification or shelving scheme Not for loan Home library Current library Date acquired Mode of acquisition Accession No. Full call number Barcode. Copy number Koha item type
Library of Congress Classification   ABUJA LIBRARY BRANCH National Library of Nigeria 09/04/2026 Legal deposit 467096 DT515.83.A498 A3 467096 1 Books
Library of Congress Classification   DAMATURU BRANCH National Library of Nigeria 09/04/2026 Legal deposit 467097 DT515.83.A498 A3 467097 1 Books
Library of Congress Classification   KEBBI BRANCH National Library of Nigeria 09/04/2026 Legal deposit 467098 DT515.83.A498 A3 467098 1 Books

National Library of Nigeria OPAC is powered by Koha